000 00654cam a2200229 a 4500
001 4223599
005 20180214033444.0
008 820809s1982 caua b 000 0 eng
010 _a 82010723
020 _a0803918682 (pbk.)
020 _a0803918674 (hard)
040 _aDLC
_cDLC
_dDLC
041 _aeng
080 _a001.42 JAM
082 0 0 _a001.42 JAM
_219
100 1 _a28
101 _aSHK
245 1 0 _aCausal analysis :
_cby Lawrence R. James, Stanley A. Mulaik, and Jeanne M. Brett.
504 _aBibliography: p. 169-175.
906 _a7
_bcbc
_corignew
_d1
_eocip
_f19
_gy-gencatlg
942 _2ddc
_cBK
999 _c42447
_d42447